000
00254nam a22001097a 4500
082
_a
621.381528 TRA'D
100
_a
D. A. T. A.
_9
75818
245
_a
TRANSISTOR DISCONTINUED DEVICES
260
_a
USA
_b
D. A. T. A.
_c
1980
300
_a
VOL-25
942
_c
BK
999
_c
581229
_d
581229